AH International Schools' Libraries

(KHMER) The monkey's house / (Record no. 49708)

MARC details
000 -LEADER
fixed length control field 00298nam a2200109 4500
020 ## - INTERNATIONAL STANDARD BOOK NUMBER
International Standard Book Number 9789924350279
100 ## - MAIN ENTRY--PERSONAL NAME
Personal name Sokkeng, Kong
9 (RLIN) 83192
245 ## - TITLE STATEMENT
Title (KHMER) The monkey's house /
Statement of responsibility, etc Kong Sokkeng
260 ## - PUBLICATION, DISTRIBUTION, ETC. (IMPRINT)
Place of publication, distribution, etc Cambodia
Name of publisher, distributor, etc S.J. Metta Karuna
Date of publication, distribution, etc 2020
300 ## - PHYSICAL DESCRIPTION
Extent 26 p.
Other physical details col. ill.
Dimensions 20 cm.
942 ## - ADDED ENTRY ELEMENTS (KOHA)
Source of classification or shelving scheme
Koha item type Book
Holdings
Withdrawn status Lost status Source of classification or shelving scheme Damaged status Not for loan Collection code Home library Current library Shelving location Date acquired Total Checkouts Full call number Barcode Date last seen Price effective from Koha item type
          Siem Riep Asian Hope Siem Reap Asian Hope Siem Reap SECONDARY 11/10/2025   KHMER E SOK 209440 11/10/2025 11/10/2025 Book

For any Logos Library related questions please contact Miss Art at swongnarasuk@asianhope.org.

For any Asian Hope Library related questions please contact Miss Raza at graza@asianhope.org.

Powered by Koha